Quizzes
Events
Quiz Creation
Community
Videos
Private Events
Remove Ads
Sign In
Join for FREE
Feedback
Dark Mode
Quiz Categories
Sports
Geography
Music
Movies
Television
Just For Fun
Miscellaneous
History
Literature
Language
Science
Gaming
Entertainment
Religion
Holiday
For Kids
Quiz Lab
Recent
Popular Today
Quiz Kudos Today
Editor Picks
Curator Picks
Quizzes by...
Day
Popularity
Type
Ratings
Length
Year
Community
Subscriptions
Recent Discussions
Orange Saloon
Badges
Playlists
Quests
Create
Leaderboards
Showdown
Live 5
Trivia Bingo
Activity
Puzzle Library
Sporcle Events
Private Events
Virtual Trivia
Globe League
Become a Host
Pub Owners
SporcleCon
Opinionation
Our Games
Videos
Blog
Mobile Apps
Partnerships
Remove Ads and Go Orange
Feedback
Sports
Athletes
MLB
NBA
NHL
NFL
Soccer
Sports Teams
WWE
NCAA
Football
Premier League
Basketball
Baseball
Hockey
Golf
Tennis
Cricket
Rugby
Auto Racing
Olympics
World Cup
Sports
Athletes
MLB
NBA
NHL
NFL
Soccer
Sports Teams
WWE
NCAA
Football
Premier League
Basketball
Baseball
Hockey
Golf
Tennis
Cricket
Rugby
Auto Racing
Olympics
World Cup
Random Quiz
Search Sporcle
×
Quiz Lab
Quiz Lab
Sports
foreign
Type in answers that appear in a list
Type in answers that appear in a list
Classic
Best Score? Go Orange.
League winners from 1960-2010 Stats
Can you name the winners of the top leagues in England, Italy and Spain from 1960-2010?
By
Hysteria1871
10m
153 Questions
487 Plays
487 Plays
487 Plays
Comments
Comments
Give Quiz Kudos
Give Quiz Kudos
-
- Ratings
hide this ad
Replay
Link that replays current quiz
Next Quiz
Link to next quiz in quiz playlist
You Got
0%
They Got
Avg Score
87%
Avg Friend Score
Upgrade to see
Score Distribution
Jump to the score distribution portion of the page
Score
0/153
Timer
10:00
0
Plays Today
Year
Team
% Correct
1965
Manchester United
98.4%
1967
Manchester United
98.4%
1993
Manchester United
98.4%
1994
Manchester United
98.4%
1996
Manchester United
98.4%
1997
Manchester United
98.4%
1999
Manchester United
98.4%
2000
Manchester United
98.4%
2001
Manchester United
98.4%
2003
Manchester United
98.4%
2007
Manchester United
98.4%
2008
Manchester United
98.4%
2009
Manchester United
98.4%
1961
Real Madrid
97.9%
1962
Real Madrid
97.9%
1963
Real Madrid
97.9%
1964
Real Madrid
97.9%
1965
Real Madrid
97.9%
1967
Real Madrid
97.9%
1968
Real Madrid
97.9%
1969
Real Madrid
97.9%
1972
Real Madrid
97.9%
1975
Real Madrid
97.9%
1976
Real Madrid
97.9%
1978
Real Madrid
97.9%
1979
Real Madrid
97.9%
1980
Real Madrid
97.9%
1986
Real Madrid
97.9%
1987
Real Madrid
97.9%
1988
Real Madrid
97.9%
1989
Real Madrid
97.9%
1990
Real Madrid
97.9%
1995
Real Madrid
97.9%
1997
Real Madrid
97.9%
2001
Real Madrid
97.9%
2003
Real Madrid
97.9%
2007
Real Madrid
97.9%
2008
Real Madrid
97.9%
1960
Barcelona
97.7%
1974
Barcelona
97.7%
1985
Barcelona
97.7%
1991
Barcelona
97.7%
1992
Barcelona
97.7%
1993
Barcelona
97.7%
1994
Barcelona
97.7%
1998
Barcelona
97.7%
1999
Barcelona
97.7%
2005
Barcelona
97.7%
2006
Barcelona
97.7%
2009
Barcelona
97.7%
2010
Barcelona
97.7%
Year
Team
% Correct
2005
Chelsea
96.7%
2006
Chelsea
96.7%
2010
Chelsea
96.7%
1960
Juventus
96.5%
1961
Juventus
96.5%
1967
Juventus
96.5%
1972
Juventus
96.5%
1973
Juventus
96.5%
1975
Juventus
96.5%
1977
Juventus
96.5%
1978
Juventus
96.5%
1981
Juventus
96.5%
1982
Juventus
96.5%
1984
Juventus
96.5%
1986
Juventus
96.5%
1995
Juventus
96.5%
1997
Juventus
96.5%
1998
Juventus
96.5%
2002
Juventus
96.5%
2003
Juventus
96.5%
2005
Juventus
96.5%
1964
Liverpool
95.9%
1966
Liverpool
95.9%
1973
Liverpool
95.9%
1976
Liverpool
95.9%
1977
Liverpool
95.9%
1979
Liverpool
95.9%
1980
Liverpool
95.9%
1982
Liverpool
95.9%
1983
Liverpool
95.9%
1984
Liverpool
95.9%
1986
Liverpool
95.9%
1988
Liverpool
95.9%
1990
Liverpool
95.9%
1971
Arsenal
95.3%
1989
Arsenal
95.3%
1991
Arsenal
95.3%
1998
Arsenal
95.3%
2002
Arsenal
95.3%
2004
Arsenal
95.3%
1962
AC Milan
92.4%
1968
AC Milan
92.4%
1979
AC Milan
92.4%
1988
AC Milan
92.4%
1992
AC Milan
92.4%
1993
AC Milan
92.4%
1994
AC Milan
92.4%
1996
AC Milan
92.4%
1999
AC Milan
92.4%
2004
AC Milan
92.4%
1983
Roma
90.3%
Year
Team
% Correct
2001
Roma
90.3%
1963
Inter Milan
89.9%
1965
Inter Milan
89.9%
1966
Inter Milan
89.9%
1971
Inter Milan
89.9%
1980
Inter Milan
89.9%
1989
Inter Milan
89.9%
2006
Inter Milan
89.9%
2007
Inter Milan
89.9%
2008
Inter Milan
89.9%
2009
Inter Milan
89.9%
2010
Inter Milan
89.9%
1971
Valencia
89.7%
2002
Valencia
89.7%
2004
Valencia
89.7%
1974
Lazio
87.3%
2000
Lazio
87.3%
1966
Atletico Madrid
83.8%
1970
Atletico Madrid
83.8%
1973
Atletico Madrid
83.8%
1977
Atletico Madrid
83.8%
1996
Atletico Madrid
83.8%
1968
Manchester City
79.1%
1987
Napoli
78.2%
1990
Napoli
78.2%
1963
Everton
76.4%
1970
Everton
76.4%
1985
Everton
76.4%
1987
Everton
76.4%
2000
Deportivo
71.5%
1981
Aston Villa
71.3%
1991
Sampdoria
69.2%
1978
Nottingham Forest
69%
1995
Blackburn Rovers
67.1%
1969
Fiorentina
65.7%
1969
Leeds United
65.1%
1974
Leeds United
65.1%
1992
Leeds United
65.1%
1976
Torino
59.3%
1961
Tottenham Hotspur
53%
1981
Real Sociedad
48.7%
1982
Real Sociedad
48.7%
1972
Derby County
41.9%
1975
Derby County
41.9%
1964
Bologna
34.3%
1970
Cagliari
31.8%
1985
Hellas Verona
31.8%
1962
Ipswich Town
29.6%
1960
Burnley
26.5%
1983
Athletic Bilboa
6.4%
1984
Athletic Bilboa
6.4%
Quiz Playlist
Details
Report
Send in Message
Add To Playlist
Classic:
Type in answers that appear in a list
Last Updated: Feb 16, 2017
Quiz Scoreboard
CHALLENGE
Sign Up to Join the Scoreboard
Show All
Scores
Hide
Comments
May contain spoilers
Recently Published
Movies - When Are They Set?
by FPL_Elf
Movies
5m
Popular People in 1961
by mucciniale
History
6m
1-10 Letter E Words III
by El_Dandy
Language
2m
More to Explore
Quiz From the Vault
Featured Blog Post
Where Did the Easter Bunny Come From?
hide this ad
You Might Also Like...
Tags
England
foreign
Italy
League
Spain
team
Winner
Today's Top Quizzes in Sports
Browse Sports
hide this ad
Today's Top Quizzes in foreign
Browse foreign
Top Contributed Quizzes in Sports
1
Les meilleurs buteurs des matchs entre le PSG et l’OM
2
Les entraîneurs de l'OM et du PSG au 21e siècle
3
FIFA Club World Cup Champions
4
2022 World Cup Stars
5
Name the Premier League winners with different clubs
6
La finale Lions - Afrique du Sud 2021
7
Criteria MLB: Left Handed Sluggers
8
Players with Multiple 50 Home Run Seasons
9
MLB Players with Two .350 Batting Average Seasons
10
MLB Hall of Famer by Rings
Explore More
Trending Topics
Marvel
Crossword
Anime
Harry Potter
Kpop
Disney
NBA
Song
NFL
The Office
Puzzle
Soccer
WWE
Country
Pokémon
hide this ad
More By:
Hysteria1871
Quiz
Plays
Rating
Category
Featured
Created
Ashes Centuries
1,811
4.50
Sports
Dec 1, 2011
League winners from 1960-2010
487
1.00
Sports
Jan 19, 2011
Reading FC: Teams Beaten At the Mad Stad
449
5.00
Sports
Jan 17, 2011
Reading FC top league scorers from 1990
267
5.00
Sports
Dec 30, 2010
Reading FC - Teams played, but not beaten.
225
3.00
Sports
Jan 17, 2011
Go to Creator's Profile
Score Distribution
Quiz Creator Spotlight
Hysteria1871
Follow
Send a Message
Quizzes Created
-
Created Quiz Play Count
-
More By This Creator
Popular Quizzes Today
1
Find the US States - No Outlines Minefield
2
Find the Countries of Europe - No Outlines Minefield
3
The Countries of the World
4
Popular People in 1961
5
1-10 Letter E Words III
6
US States
7
Find the US States
8
One Thing in Common: World Cities II
More Sports Quizzes
Top XIs: Northern Ireland (1980s/1990s)
Quiz Lab
Trending Quizzes
Risky Map Clicking: Least Populous States A-Z
1-10 Letter F Words
1-10 Letter G Words
One Thing in Common: United Kingdom
Risky Map Clicking: Next State Alphabetically
Recently Updated
Leaping Animals
pecheneg
Reality TV Shows (A-Z)
bhenderson79
Rickey Henderson's Hall of Fame Teammates
pecheneg
Champions League XIs: Arsenal
pecheneg
Quick Pick: Celebrities in WWE's Hall of Fame
aduchscher
A-Z Keypad Blitz II
pecheneg
Multiple Oscar Actors
pecheneg
Mystery Phrase Blitz: Oscar 'Best Actors'
pecheneg
F. Scott Fitzgerald Novels
LTH
Pick 3 Villains
ddd62291
Trending Topics
Disney
NBA
Anime
Marvel
Harry Potter
Crossword
Kpop
Country
Soccer
Puzzle
Song
Pokémon
NFL
The Office
WWE
Your Account Isn't Verified!
In order to create a playlist on Sporcle, you need to verify the email address you used during registration. Go to your
Sporcle Settings
to finish the process.
Report this User
Report this user for behavior that violates our
Community Guidelines
.
Details:
Send Report
Go to the Sporcle.com Mobile Site →
Comments